ESSENTIALS OF EXPERIMENTAL PHARMACOLOGY: GENERAL CONCEPTS[VOL-1] (Record no. 7929)

MARC details
000 -LEADER
fixed length control field 00457nam a22001697a 4500
005 - DATE AND TIME OF LATEST TRANSACTION
control field 20230117102941.0
008 - FIXED-LENGTH DATA ELEMENTS--GENERAL INFORMATION
fixed length control field 220215b ||||| |||| 00| 0 eng d
020 ## - INTERNATIONAL STANDARD BOOK NUMBER
ISBN 9788188449903
041 ## - LANGUAGE CODE
Language code of text/sound track or separate title eng
082 ## - DEWEY DECIMAL CLASSIFICATION NUMBER
Classification number 615.1
100 ## - MAIN ENTRY--AUTHOR NAME
Personal name BROTHARA, SUNIL , B
245 ## - TITLE STATEMENT
Title ESSENTIALS OF EXPERIMENTAL PHARMACOLOGY: GENERAL CONCEPTS[VOL-1]
260 ## - PUBLICATION, DISTRIBUTION, ETC. (IMPRINT)
Place of publication HYDERABAD
Name of publisher PHARMA MED PRESS
300 ## - PHYSICAL DESCRIPTION
Number of Pages 217;P.
650 ## - SUBJECT ADDED ENTRY--TOPICAL TERM
Topical Term PHARMACY
General subdivision B.PHARMA
942 ## - ADDED ENTRY ELEMENTS (KOHA)
Koha item type Books
Holdings
Lost status Damaged status Collection code Home library Current library Shelving location Date acquired Source of acquisition Cost, normal purchase price Full call number Accession Number Koha item type
    Reference JRU Library JRU Library SHELF-4-A 15/02/2022 PURCHASE 295.00 615.1 26398 Books
    PHARMACY JRU Library JRU Library Shelf - 21- A 15/02/2022 PURCHASE 295.00 615.1 26399 Books
    PHARMACY JRU Library JRU Library Shelf - 21- A 15/02/2022 PURCHASE 295.00 615.1 26400 Books
    PHARMACY JRU Library JRU Library Shelf - 21- A 15/02/2022 PURCHASE 295.00 615.1 26401 Books
    PHARMACY JRU Library JRU Library Shelf - 21- A 15/02/2022 PURCHASE 295.00 615.1 26402 Books
    PHARMACY JRU Library JRU Library Shelf - 21- A 15/02/2022 PURCHASE 295.00 615.1 26403 Books
    PHARMACY JRU Library JRU Library Shelf - 21- A 15/02/2022 PURCHASE 295.00 615.1 26404 Books
    PHARMACY JRU Library JRU Library Shelf - 21- A 15/02/2022 PURCHASE 295.00 615.1 26405 Books
    PHARMACY JRU Library JRU Library Shelf - 21- A 15/02/2022 PURCHASE 295.00 615.1 26406 Books
    PHARMACY JRU Library JRU Library SHELF-18-A 15/02/2022 PURCHASE 295.00 615.1 26407 Books
    PHARMACY JRU Library JRU Library Shelf - 21- A 15/02/2022 PURCHASE 295.00 615.1 26408 Books
    PHARMACY JRU Library JRU Library Shelf - 21- A 15/02/2022 PURCHASE 295.00 615.1 26409 Books